| 000 | 00757nam a22002657a 4500 | ||
|---|---|---|---|
| 003 | OSt | ||
| 005 | 20220107122756.0 | ||
| 008 | 150214b xxu||||| |||| 00| 0 eng d | ||
| 020 | _a9783319102467 | ||
| 040 | _cIIITMK | ||
| 082 | _a006.312 GAR/D | ||
| 100 |
_aGarcia, Salvador _96116 |
||
| 245 | _aData preprocessing in data mining | ||
| 260 |
_aLondon _bSpringer _c2015 |
||
| 300 | _axv, 320p. | ||
| 440 |
_aSpringer Intelligent Systems Reference Library _v72 _96117 |
||
| 650 |
_aCOMPUTER SCIENCE _96118 |
||
| 650 |
_aKNOWLEDGE DISCOVERY _96119 |
||
| 650 |
_aDATA MINING _96120 |
||
| 650 |
_aDATA PROCESSING _96121 |
||
| 650 |
_aDATA PREPROCESSING _96122 |
||
| 700 |
_aLuengo, Julian _96123 |
||
| 700 |
_aHerrera, Francisco _96124 |
||
| 942 |
_2ddc _cBK |
||
| 999 |
_c4522 _d4522 |
||